Real Estate Education Throughout the World: Past, Present and Future : (Record no. 610530)

MARC details
000 -LEADER
fixed length control field 00574nam a2200193 a 4500
001 - CONTROL NUMBER
control field 1770285653477
003 - CONTROL NUMBER IDENTIFIER
control field YourLibrary
005 - DATE AND TIME OF LATEST TRANSACTION
control field 20260205153745.0
008 - FIXED-LENGTH DATA ELEMENTS--GENERAL INFORMATION
fixed length control field 260205s2001##################000#0#eng##
020 ## - INTERNATIONAL STANDARD BOOK NUMBER
International Standard Book Number 9780792375531
082 04 - DEWEY DECIMAL CLASSIFICATION NUMBER
Classification number 333.33071SCH
040 ## - CATALOGING SOURCE
Original cataloging agency YourLibrary
Language of cataloging eng
Transcribing agency YourLibrary
100 1# - MAIN ENTRY--PERSONAL NAME
Personal name Schulte, Karl-Werner,
Relator term author.
245 10 - TITLE STATEMENT
Title Real Estate Education Throughout the World: Past, Present and Future :
260 ## - PUBLICATION, DISTRIBUTION, ETC.
Name of publisher, distributor, etc. Springer Science & Business Media,
Date of publication, distribution, etc. 2001.
300 ## - PHYSICAL DESCRIPTION
Extent 546 pages
650 #0 - SUBJECT ADDED ENTRY--TOPICAL TERM
Topical term or geographic name entry element Business & Economics.
942 ## - ADDED ENTRY ELEMENTS (KOHA)
Koha item type English Books
Holdings
Withdrawn status Lost status Damaged status Not for loan Home library Current library Shelving location Date acquired Total Checkouts Full call number Barcode Date last seen Price effective from Koha item type
        Anna Centenary Library Anna Centenary Library 4TH FLOOR, A WING 05.02.2026   333.33071SCH 210265 05.02.2026 05.02.2026 English Books

Find us on the map